The Hunger Games: Book/Movie Differences Quiz Stats

 Plays Quiz Updated Nov 22, 2016

Challenge
Share
Tweet
Embed
Score 0/25 Timer 05:00
0 Plays Today
Event T/M/B/N % Correct
Katniss recognizes a red-headed Avox who is serving her.???
74.1%
Katniss receives the mockingjay pin in the hob.???
73.8%
Katniss and Gale mock Effie Trinket in the woods.???
73.6%
Peeta's dad gives Katniss cookies before the train ride to the Capitol.???
69.5%
Katniss is stung multiple times by tracker jackers.???
69.4%
Haymitch is drunk at The Reaping and falls off the stage.???
66.6%
The night before The Games, not being able to sleep, Katniss and Peeta meet accidentally.???
66%
Gale falls in a coal mine and breaks his leg.???
63.6%
Katniss loses sight in her left eye due to the land mines explosion.???
59.8%
After Rue's death, Katniss receives bread from District 11.???
56.4%
Beasts are released into the arena that have the eyes of dead tributes and can walk upright.???
55.1%
Seneca Crane enters a locked room with only nightlock in it.???
54.8%
Peeta has his leg amputated.???
53.7%
Event T/M/B/N % Correct
At the 'feast,' Foxface runs out of her hiding place in the Cornucopia.???
53.1%
President Snow tells The Gamemaker not to give the people too much hope, because a lot is dangerous.???
51.6%
Katniss sees other animals running away from the fire faster than her.???
48.4%
After Rue's death, District 11 revolts against the peacekeepers.???
46.9%
Katniss drugs Peeta so she can sneak off to the 'feast.'???
44.8%
Each parachute comes with a note.???
43.6%
In the Training Center, Katniss and Peeta are the only ones with matching outfits.???
42.8%
Katniss receives her first parachute gift before she finds water in the arena.???
41.3%
It is Haymitch's idea for Katniss and Peeta to hold hands during the opening procession.???
39.8%
Katniss frees Rue from the net before she is hit with the spear.???
33.8%
Cinna smuggles the mockingjay pin to Katniss.???
32.8%
It is implied that Thresh is killed by the beasts.???
27.4%

You're not logged in!

Compare scores with friends on all Sporcle quizzes.
Join for Free
OR
Log In

You Might Also Like...

Show Comments

Extras

Top Quizzes Today


Score Distribution

Your Account Isn't Verified!

In order to create a playlist on Sporcle, you need to verify the email address you used during registration. Go to your Sporcle Settings to finish the process.

Report this User

Report this user for behavior that violates our Community Guidelines.

Details: